Answers Containing All Vowels Quiz - Statistics

General Stats
  • This quiz has been taken 48 times
  • The average score is 9 of 20
Answer Stats
Hint Answer % Correct
Able to write with both hands Ambidextrous
81%
Attraction to the same gender Homosexuality
77%
Large Californian redwood tree Sequoia
74%
Portuguese-speaking African country Mozambique
67%
Motor vehicle with wheels Automobile
65%
Safety measure taken in advance Precaution
63%
Happening at the same time Simultaneous
49%
Electromagnetic radiation in sunlight Ultraviolet
49%
Mathematical formula Equation
44%
e.g. Che Guevara or Leon Trotsky Revolutionary
44%
Shakeable percussion instrument Tambourine
42%
Inflammation of the lungs Pneumonia
37%
Humanitarian removal of people Evacuation
33%
Share or exchange information Communicate
30%
Knowledge-based learning at school Education
30%
Morgues or funeral homes Mortuaries
19%
Villainous or criminal Nefarious
16%
Official rule or law Regulation
16%
General opinion held of someone Reputation
12%
Grant permission Authorize
9%
No matching quizzes found
Score Distribution
Percent of People with Each Score
Percentile by Number Answered
Your Score History
You have not taken this quiz